| 000 | 00739nam a2200217 a 4500 | ||
|---|---|---|---|
| 005 | 20240924071246.0 | ||
| 008 | 091013s2000 es r 000 0 spa d | ||
| 020 | _a842634187X | ||
| 035 | _aUPN01000173110 | ||
| 049 | _aI | ||
| 050 | 4 |
_aPZ78 _bW6.2 2000 |
|
| 100 | 1 |
_aWolf, Klaus-Peter, _d1954- _930984 |
|
| 245 | 1 | 0 |
_aAntonio Juan y el invisible en la máquina del tiempo / _cKlaus-Peter Wolf ; il. por Amelie Glienke ; tr. Margaret Faber. |
| 250 | _a6a ed. | ||
| 260 |
_aZaragoza, Esp. : _bEdelvives, _c2000. |
||
| 300 |
_a88 p. : _bil. col. |
||
| 534 |
_pTitulo original: _tJens-Peter und der unsichtbare in der zeitmaschine |
||
| 650 | 4 |
_aLiteratura infantil _94445 |
|
| 650 | 0 |
_aHistorias de aventuras _94131 |
|
| 905 | _aInfantil | ||
| 999 |
_c145214 _d145214 |
||